Mems pressure sensors: fabrication and technologic process optimization (Record no. 575892)

000 -LEADER
fixed length control field 00443nam a22001697a 4500
003 - CONTROL NUMBER IDENTIFIER
control field CEME
005 - DATE AND TIME OF LATEST TRANSACTION
control field 20210628204023.0
008 - FIXED-LENGTH DATA ELEMENTS--GENERAL INFORMATION
fixed length control field 210114b xxu||||| |||| 00| 0 eng d
020 ## - INTERNATIONAL STANDARD BOOK NUMBER
International Standard Book Number 9788461622078
040 ## - CATALOGING SOURCE
Transcribing agency ceme
082 ## - DEWEY DECIMAL CLASSIFICATION NUMBER
Classification number 621.381 ALV
100 ## - MAIN ENTRY--PERSONAL NAME
Personal name Parvej Ahmad Alvi
9 (RLIN) 68289
245 ## - TITLE STATEMENT
Title Mems pressure sensors: fabrication and technologic process optimization
260 ## - PUBLICATION, DISTRIBUTION, ETC.
Place of publication, distribution, etc. SPAIN
Name of publisher, distributor, etc. IFSA
Date of publication, distribution, etc. 2012
300 ## - PHYSICAL DESCRIPTION
Extent 173P
942 ## - ADDED ENTRY ELEMENTS (KOHA)
Koha item type Book
Source of classification or shelving scheme
Holdings
Withdrawn status Lost status Damaged status Not for loan Permanent Location Current Location Shelving location Date acquired Total Checkouts Full call number Barcode Date last seen Price effective from Koha item type
        College of Electrical & Mechanical Engineering (CEME) College of Electrical & Mechanical Engineering (CEME) General Stacks 08/02/2017   621.381 ALV CEME-46958 06/28/2021 06/28/2021 Book
© 2023 Central Library, National University of Sciences and Technology. All Rights Reserved.